Možnosti krízového riešenia v podniku a výber optimálnych stabilizačných opatrení

Diagnostikovanie krízového stavu v podniku. Konsolidácia podniku. Sanácia podniku. Revitalizácia podniku. Stratégia prosperity, revitalizácia a resuscitácia.

Na minha lista:
Detalhes bibliográficos
Autor principal: Pacek, Martin
Formato: Capítulo de Livro
Idioma:eslovaco
Assuntos:
Tags: Adicionar Tag
Sem tags, seja o primeiro a adicionar uma tag!

MARC

LEADER 00000nla$a2200000$$$4500
001 0142884
005 20240502072548.9
041 0 |a slo 
044 |a SK 
245 1 0 |a Možnosti krízového riešenia v podniku a výber optimálnych stabilizačných opatrení  |c Martin Pacek 
520 |a Diagnostikovanie krízového stavu v podniku. Konsolidácia podniku. Sanácia podniku. Revitalizácia podniku. Stratégia prosperity, revitalizácia a resuscitácia. 
610 2 0 |a riadenie podnikové 
610 2 0 |a manažment 
610 2 0 |a kríza podniku 
610 2 0 |a reštrukturalizácia 
610 2 0 |a diagnostika podniková 
610 2 0 |a diagnostikácia 
100 1 |a Pacek, Martin